UBT Library

THE ESSENTIAL 55 (Record no. 60579)

000 -LEADER
fixed length control field 00332nam a22001457a 4500
008 - FIXED-LENGTH DATA ELEMENTS--GENERAL INFORMATION
fixed length control field 240205b ||||| |||| 00| 0 eng d
020 ## - INTERNATIONAL STANDARD BOOK NUMBER
International Standard Book Number 9780316424776
041 ## - LANGUAGE CODE
Language code of text/sound track or separate title eng
080 ## - UNIVERSAL DECIMAL CLASSIFICATION NUMBER
Edition identifier FIRST EDITION 2003
Universal Decimal Classification number 37
082 ## - DEWEY DECIMAL CLASSIFICATION NUMBER
Classification number 37CLA
100 ## - Rafti
Rafti 22.2
101 ## - Shkurtesa
Shkurtesa EDUKIM
245 ## - TITLE STATEMENT
Title THE ESSENTIAL 55
Statement of responsibility, etc RON CLARK
942 ## - ADDED ENTRY ELEMENTS (KOHA)
Source of classification or shelving scheme
Item type Books
Holdings
Withdrawn status Lost status Source of classification or shelving scheme Damaged status Not for loan Collection code Permanent location Current location Date acquired Total Checkouts Full call number Barcode Date last seen Price effective from Koha item type
          Koleksioni i përgjithshem UBT - Lipjan UBT - Lipjan 02/05/2024   37CLA 002-800070574 02/05/2024 02/05/2024 Books
          Koleksioni i përgjithshem UBT - Lipjan UBT - Lipjan 02/05/2024   37CLA 002-800070575 02/05/2024 02/05/2024 Books
          Koleksioni i përgjithshem UBT - Lipjan UBT - Lipjan 02/05/2024   37CLA 002-800070576 02/05/2024 02/05/2024 Books
UBT Library © 2015-2024. All rights reserved University Education for Business and Technology